<?xml version="1.0" encoding="UTF-8"?>
<marc:record xmlns:marc="http://www.loc.gov/MARC21/slim">
   <marc:leader>00000nam a2200000 a 4500</marc:leader>
   <marc:datafield ind1="1" ind2=" " tag="100">
      <marc:subfield code="a">Izner, Claude</marc:subfield>
      <marc:subfield code="4">aut</marc:subfield>
      <marc:subfield code="e">Verfasser/-in</marc:subfield>
   </marc:datafield>
   <marc:datafield ind1="1" ind2=" " tag="100">
      <marc:subfield code="a">Wurster, Gaby</marc:subfield>
      <marc:subfield code="4">trl</marc:subfield>
      <marc:subfield code="e">Übersetzer/-in</marc:subfield>
   </marc:datafield>
   <marc:datafield ind1="1" ind2=" " tag="100">
      <marc:subfield code="a">Izner, Claude</marc:subfield>
   </marc:datafield>
   <marc:datafield ind1=" " ind2=" " tag="653">
      <marc:subfield code="a">Softcover / Belletristik/Krimis</marc:subfield>
   </marc:datafield>
   <marc:datafield ind1=" " ind2=" " tag="653">
      <marc:subfield code="a">Thriller</marc:subfield>
   </marc:datafield>
   <marc:datafield ind1=" " ind2=" " tag="653">
      <marc:subfield code="a">Spionage</marc:subfield>
   </marc:datafield>
   <marc:datafield ind1=" " ind2=" " tag="653">
      <marc:subfield code="a">Krimis</marc:subfield>
   </marc:datafield>
   <marc:datafield ind1="0" ind2="0" tag="245">
      <marc:subfield code="a">Monsieur weilt nicht mehr unter uns</marc:subfield>
   </marc:datafield>
   <marc:datafield ind1="0" ind2="0" tag="245">
      <marc:subfield code="b">ein Paris-Krimi</marc:subfield>
   </marc:datafield>
   <marc:datafield ind1="0" ind2="0" tag="245">
      <marc:subfield code="c">Claude Izner. Aus dem Franz. von Gaby Wurster</marc:subfield>
   </marc:datafield>
   <marc:datafield ind1=" " ind2="1" tag="264">
      <marc:subfield code="a">München</marc:subfield>
      <marc:subfield code="b">Pendo</marc:subfield>
      <marc:subfield code="c">2014</marc:subfield>
   </marc:datafield>
   <marc:datafield ind1="1" ind2=" " tag="520">
      <marc:subfield code="a">Angaben aus der Verlagsmeldung

Monsieur weilt nicht mehr unter uns : Ein Paris-Krimi Le Secret des Enfants-Rouges / von Claude Izner

Ein Einbruch in die Wohnung seines Kompagnons versetzt den Buchhändler Victor Legris in helle Aufregung. Gestohlen wurde zwar nur ein wertloser Kelch, doch als sich herausstellt, dass mehrere Personen ermordet wurden, die früher im Besitz des Erinnerungsstücks waren, begibt sich Legris auf die gefährliche Suche nach der Wahrheit.
Paris, 1892: Terroristische Anschläge erschüttern die Stadt, überall im Land werden regierungsfeindliche Truppen bekämpft. Als wäre das nicht schon genug Aufregung für Victor Legris, der eine kleine Buchhandlung in Saint-Germain-des-Prés führt, wird dann auch noch in die darüberliegende Wohnung seines Teilhabers Kenji Mori eingebrochen und ein Kelch gestohlen, den Kenji einst von seinem Freund John Cavendish geerbt hatte. Hat der unbekannte Herr mit Melone, der sich vor kurzem in der Buchhandlung nach Kenjis Adresse erkundigt hatte, etwas mit dem Einbruch zu tun? Offenbar kannte er Cavendishs Schwester. Als Victor Legris erfährt, dass besagte Lady Pebble vor wenigen Tagen ermordet wurde, vermutet er einen Zusammenhang und begibt sich auf eine Spurensuche, die ihn bis nach Schottland führt.
</marc:subfield>
   </marc:datafield>
   <marc:datafield ind1=" " ind2=" " tag="020">
      <marc:subfield code="a">9783866123199</marc:subfield>
      <marc:subfield code="9">9783866123199</marc:subfield>
   </marc:datafield>
   <marc:datafield ind1=" " ind2=" " tag="020">
      <marc:subfield code="a">3866123191</marc:subfield>
      <marc:subfield code="9">3866123191</marc:subfield>
   </marc:datafield>
   <marc:datafield ind1=" " ind2=" " tag="041">
      <marc:subfield code="a">ger</marc:subfield>
   </marc:datafield>
   <marc:datafield ind1=" " ind2=" " tag="300">
      <marc:subfield code="a">364 S.</marc:subfield>
   </marc:datafield>
</marc:record>
